Report of the Bengal Paddy and Rice Enquiry Committee, volume 1 (Record no. 394632)

000 -LEADER
fixed length control field 00581cam a22001457a 4500
008 - FIXED-LENGTH DATA ELEMENTS--GENERAL INFORMATION
fixed length control field 180718b1940 xxu||||| |||| 00| 0 eng d
082 ## - DEWEY DECIMAL CLASSIFICATION NUMBER
Classification number Z231x5412 B436
100 ## - MAIN ENTRY--PERSONAL NAME
Personal name West Bengal. Paddy and Rice Enquiry Committee
245 ## - TITLE STATEMENT
Title Report of the Bengal Paddy and Rice Enquiry Committee, volume 1
Statement of responsibility, etc. by Department of Agriculture and Industries, West Bengal
260 ## - PUBLICATION, DISTRIBUTION, ETC.
Place of publication, distribution, etc. Calcutta
Name of publisher, distributor, etc. Department of Agriculture and Industries
Date of publication, distribution, etc. 1940
300 ## - PHYSICAL DESCRIPTION
Extent 116p.
500 ## - GENERAL NOTE
General note Chairman: M. Carbery
700 ## - ADDED ENTRY--PERSONAL NAME
Personal name West Bengal. Department of Agriculture and Industries
700 ## - ADDED ENTRY--PERSONAL NAME
Personal name Carbery, M. (Chairman)
Holdings
Withdrawn status Lost status Damaged status Not for loan Permanent Location Current Location Date acquired Full call number Barcode Date last seen Price effective from Koha item type
        Indian Institute of Public Administration Indian Institute of Public Administration 2009-11-13 Z231x5412 B436 22709 2018-07-21 2018-07-21 Book

Powered by Koha